000 00352nam a2200169Ia 4500
100 _aDabney/James B
650 _aSimulink
942 _cRB
366 _f20
654 _asimulink
245 _aMastering Simulink
260 _bPearson Education
_aMumbai
_c2004
082 _a003.85/DAB
_bDAB
300 _a376
546 _aENGLISH
999 _c34208
_d34208